NCAA College Basketball 5-Star Recruits (2010-2025) - Statistics

General Stats
  • This quiz has been taken 68 times
  • The average score is 131 of 365
Answer Stats
Year Rank Answer Team Additional Teams Position High School/Prep Team NBA Draft/College Status % Correct
2024 1. Cooper Flagg Duke PF Montverde Academy (Newport, ME) 2025 (Rd. 1, Pk. 1 - DAL)
80%
2020 10. Greg Brown III Texas PF Vandegrift (Austin, TX) 2021 (Rd. 2, Pk. 43 - POR)
78%
2011 17. Jabari Brown Oregon Missouri SG Oakland (Oakland, CA) 2014 (UDFA - HOU)
78%
2015 4. Jaylen Brown California SF Wheeler (Marietta, GA) 2016 (Rd. 1, Pk. 3 - BOS)
78%
2018 19. Jordan Brown Nevada Arizona, Louisiana, Memphis PF Prolific Prep (Roseville, CA) 2024 (UDFA - KK Dubrava)
78%
2021 14. Kendall Brown Baylor SF Sunrise Christian (Cottage Grove, MN) 2022 (Rd. 2, Pk. 48 - IND)
78%
2025 8. Mikel Brown Jr. Louisville PG DME Academy (Daytona Beach, FL) TBD
78%
2018 27. Moses Brown UCLA C Archbishop Molloy (Jamaica, NY) 2019 (UDFA - HOU)
78%
2017 13. Troy Brown Oregon SF Centennial (Las Vegas, NV) 2018 (Rd. 1, Pk. 15 - WAS)
78%
2023 7. Cody Williams Colorado SF Perry (Gilbert, AZ) 2024 (Rd. 1, Pk. 10 - UTA)
76%
2018 26. Emmitt Williams LSU PF Oak Ridge (Lehigh Acres, FL) 2020 (UDFA - Agua Caliente)
76%
2020 13. Jalen Johnson Duke SF Nicolet (Sun Prairie, WI) 2021 (Rd. 1, Pk. 20 - ATL)
76%
2020 28. Mark Williams Duke C IMG Academy (Bradenton, FL) 2022 (Rd. 1, Pk. 15 - CHA)
76%
2019 26. Patrick Williams Florida State SF West Charlotte (Charlotte, NC) 2020 (Rd. 1, Pk. 4 - CHI)
76%
2020 6. Ziaire Williams Stanford SF Sierra Canyon (Lancaster, CA) 2021 (Rd. 1, Pk. 10 - MEM)
76%
2023 26. AJ Johnson Illawarra Hawks CG SoCal Academy (Fresno, CA) 2024 (Rd. 1, Pk. 23 - MIL)
74%
2013 11. Dakari Johnson Kentucky C Montverde Academy (Brooklyn, NY) 2015 (Rd. 2, Pk. 48 - OKC)
74%
2024 3. Dylan Harper Rutgers CG Don Bosco Prep (Ramsey, NJ) 2025 (Rd. 1, Pk. 2 - SAS)
74%
2025 21. Jasper Johnson Kentucky SG Overtime Elite (Lexington, KY) TBD
74%
2018 13. Keldon Johnson Kentucky SF Oak Hill Academy (Chesterfield, VA) 2019 (Rd. 1, Pk. 29 - SAS)
74%
2020 19. Keon Johnson Tennessee SG The Webb School (Bell Buckle, TN) 2021 (Rd. 1, Pk. 21 - LAC)
74%
2014 3. Stanley Johnson Arizona SG Mater Dei (Santa Ana, CA) 2015 (Rd. 1, Pk. 8 - DET)
74%
2024 5. Tre Johnson Texas SG Link Academy (Dallas, TX) 2025 (Rd. 1, Pk. 6 - WAS)
74%
2024 2. Ace Bailey Rutgers SF McEachern (Powder Springs, GA) 2025 (Rd. 1, Pk. 5 - UTA)
72%
2018 5. Zion Williamson Duke PF Spartanburg Day School (Spartanburg, SC) 2019 (Rd. 1, Pk. 1 - NOP)
72%
2022 9. Amari Bailey UCLA CG Sierra Canyon (Chicago, IL) 2023 (Rd. 2, Pk. 41 - CHA)
70%
2011 1. Anthony Davis Kentucky PF Perspectives Charter (Chicago, IL) 2012 (Rd. 1, Pk. 1 - NOH)
70%
2025 3. Cameron Boozer Duke PF Columbus (Miami, FL) TBD
70%
2025 20. Cayden Boozer Duke PG Columbus (Miami, FL) TBD
70%
2016 8. Dennis Smith Jr. NC State PG Trinity Christian (Fayetteville, NC) 2017 (Rd. 1, Pk. 9 - DAL)
70%
2021 7. Jabari Smith Auburn PF Sandy Creek (Tyrone, GA) 2022 (Rd. 1, Pk. 3 - HOU)
70%
2018 16. Jalen Smith Maryland C Mount Saint Joseph (Baltimore, MD) 2020 (Rd. 1, Pk. 10 - PHX)
70%
2025 9. Koa Peat Arizona PF Perry (Gilbert, AZ) TBD
70%
2022 1. Nick Smith Arkansas CG North Little Rock (North Little Rock, AR) 2023 (Rd. 1, Pk. 27 - CHA)
70%
2015 18. Ray Smith Arizona SF Las Vegas (Las Vegas, NV) N/A
70%
2020 2. Jalen Green NBA G League Ignite CG Prolific Prep (Fresno, CA) 2021 (Rd. 1, Pk. 2 - HOU)
68%
2024 6. Khaman Maluach Duke C NBA Academy Africa (Rumbek, South Sudan) 2025 (Rd. 1, Pk. 10 - PHX)
68%
2019 19. Samuell Williamson Louisville SMU SF Rockwall (Rockwall, TX) 2024 (UDFA - Heroes Den Bosch)
68%
2020 7. Scottie Barnes Florida State SF Montverde Academy (West Palm Beach, FL) 2021 (Rd. 1, Pk. 4 - TOR)
68%
2023 22. Bronny James USC CG Sierra Canyon (Los Angeles, CA) 2024 (Rd. 2, Pk. 55 - LAL)
66%
2010 1. Harrison Barnes North Carolina SF Ames (Ames, IA) 2012 (Rd. 1, Pk. 7 - GSW)
66%
2019 13. Josh Green Arizona SF IMG Academy (Sydney, Australia) 2020 (Rd. 1, Pk. 18 - DAL)
66%
2019 23. LaMelo Ball Illawarra Hawks PG SPIRE Academy (Chino, CA) 2020 (Rd. 1, Pk. 3 - CHA)
66%
2016 5. Lonzo Ball UCLA PG Chino Hills (Chino, CA) 2017 (Rd. 1, Pk. 2 - LAL)
66%
2025 1. AJ Dybantsa BYU SF Utah Prep (Brockton, MA) TBD
64%
2020 1. Cade Cunningham Oklahoma State PG Montverde Academy (Arlington, TX) 2021 (Rd. 1, Pk. 1 - DET)
64%
2018 25. Coby White North Carolina SG Greenfield School (Wilson, NC) 2019 (Rd. 1, Pk. 7 - CHI)
64%
2023 21. Elmarko Jackson Kansas PG South Kent (South Kent, CT) TBD
64%
2016 15. Frank Jackson Duke PG Lone Peak (American Fork, UT) 2017 (Rd. 2, Pk. 31 - CHA)
64%
2022 6. GG Jackson South Carolina PF Ridge View (Columbia, SC) 2023 (Rd. 2, Pk. 45 - MEM)
64%
2024 8. Ian Jackson North Carolina St. John's SG Our Savior Lutheran (Bronx, NY) TBD
64%
2017 8. Jaren Jackson Jr. Michigan State PF La Lumiere School (Plainfield, NJ) 2018 (Rd. 1, Pk. 4 - MEM)
64%
2016 1. Josh Jackson Kansas SG Justin-Siena (Detroit, MI) 2017 (Rd. 1, Pk. 4 - PHX)
64%
2019 22. Josiah-Jordan James Tennessee CG Porter-Gaud School (Charleston, SC) 2024 (UDFA - IND)
64%
2014 9. Justin Jackson North Carolina SF Homeschool Christian YA (Spring, TX) 2017 (Rd. 1, Pk. 15 - SAC)
64%
2024 4. VJ Edgecombe Baylor SG Long Island Lutheran (Glen Head, NY) 2025 (Rd. 1, Pk. 3 - PHI)
64%
2011 9. Adonis Thomas Memphis SF Melrose (Memphis, TN) 2013 (UDFA - ATL)
62%
2019 2. Anthony Edwards Georgia SG Holy Spirit Preparatory (Atlanta, GA) 2020 (Rd. 1, Pk. 1 - MIN)
62%
2020 25. Cameron Thomas LSU SG Oak Hill Academy (Chesapeake, VA) 2021 (Rd. 1, Pk. 27 - BRK)
62%
2025 2. Darryn Peterson Kansas CG Prolific Prep (Canton, OH) TBD
62%
2023 3. Justin Edwards Kentucky SF Imhotep Institute (Philadelphia, PA) 2024 (UDFA - PHI)
62%
2025 12. Meleek Thomas Arkansas SG Overtime Elite (Pittsburgh, PA) TBD
62%
2024 12. Derik Queen Maryland C Montverde Academy (Baltimore, MD) 2025 (Rd. 1, Pk. 13 - NOP)
60%
2024 19. Kon Knueppel Duke SF Wisconsin Lutheran (Milwaukee, WI) 2025 (Rd. 1, Pk. 4 - CHA)
60%
2010 8. Perry Jones Baylor PF Duncanville (Duncanville, TX) 2012 (Rd. 1, Pk. 28 - OKC)
60%
2010 9. Terrence Jones Kentucky PF Jefferson (Portland, OR) 2012 (Rd. 1, Pk. 18 - HOU)
60%
2018 15. Tre Jones Duke PG Apple Valley (St. Paul, MN) 2020 (Rd. 2, Pk. 41 - SAS)
60%
2014 8. Tyus Jones Duke PG Apple Valley (Burnsville, MN) 2015 (Rd. 1, Pk. 24 - MIN)
60%
2023 14. Xavier Booker Michigan State UCLA C Cathedral (Indianapolis, IN) TBD
60%
2010 2. Kyrie Irving Duke PG St. Patrick (West Orange, NJ) 2011 (Rd. 1, Pk. 1 - CLE)
58%
2018 1. RJ Barrett Duke SG Montverde Academy (Toronto, ON) 2019 (Rd. 1, Pk. 3 - NYK)
58%
2022 17. Anthony Black Arkansas PG Duncanville (Duncanville, TX) 2023 (Rd. 1, Pk. 6 - ORL)
56%
2020 3. Evan Mobley USC C Rancho Christian (Temecula, CA) 2021 (Rd. 1, Pk. 3 - CLE)
56%
2022 14. Brandon Miller Alabama SF Cane Ridge (Antioch, TN) 2023 (Rd. 1, Pk. 2 - CHA)
54%
2018 2. Cam Reddish Duke SF Westtown School (Norristown, PA) 2019 (Rd. 1, Pk. 10 - ATL)
54%
2019 20. Isaiah Mobley USC PF Rancho Christian (Temecula, CA) 2022 (Rd. 2, Pk. 49 - CLE)
54%
2021 6. Jalen Duren Memphis C Montverde Academy (Sharon Hill, PA) 2022 (Rd. 1, Pk. 13 - DET)
54%
2014 4. Karl-Anthony Towns Kentucky C St. Joseph (Piscataway, NJ) 2015 (Rd. 1, Pk. 1 - MIN)
54%
2011 4. Quincy Miller Baylor PF Westchester Country Day (High Point, NC) 2012 (Rd. 2, Pk. 38 - DEN)
54%
2023 10. Stephon Castle UConn CG Newton (Covington, GA) 2024 (Rd. 1, Pk. 4 - SAS)
54%
2018 8. Anfernee Simons PRO CG IMG Academy (Longwood, FL) 2018 (Rd. 1, Pk. 24 - POR)
52%
2015 2. Ben Simmons LSU SF Montverde Academy (Melbourne, Australia) 2016 (Rd. 1, Pk. 1 - PHI)
52%
2021 1. Chet Holmgren Gonzaga C Minnehaha Academy (Minneapolis, MN) 2022 (Rd. 1, Pk. 2 - OKC)
52%
2019 4. Cole Anthony North Carolina CG Oak Hill Academy (New York City, NY) 2020 (Rd. 1, Pk. 15 - ORL)
52%
2019 1. James Wiseman Memphis C East (Memphis, TN) 2020 (Rd. 1, Pk. 2 - GSW)
52%
2016 4. Jayson Tatum Duke SF Chaminade (St. Louis, MO) 2017 (Rd. 1, Pk. 3 - BOS)
52%
2021 2. Paolo Banchero Duke PF O Dea (Seattle, WA) 2022 (Rd. 1, Pk. 1 - ORL)
52%
2013 1. Andrew Wiggins Kansas SF Huntington Expression Prep (Toronto, ON) 2014 (Rd. 1, Pk. 1 - CLE)
50%
2020 21. Bryce Thompson Kansas Oklahoma State CG Booker T. Washington (Tulsa, OK) N/A
50%
2024 24. Carter Bryant Arizona PF Centennial (Corona, CA) 2025 (Rd. 1, Pk. 14 - SAS)
50%
2013 7. Chris Walker Florida PF Holmes County (Bonifay, FL) 2015 (UDFA - HOU)
50%
2019 28. CJ Walker Oregon UCF, East Carolina PF Oak Ridge (Sanford, FL) N/A
50%
2017 3. Deandre Ayton Arizona PF Hillcrest Prep (Phoenix, AZ) 2018 (Rd. 1, Pk. 1 - PHX)
50%
2022 5. Dillon Mitchell Texas Cincinnati, St. John's SF Montverde Academy (Tampa, FL) TBD
50%
2023 6. DJ Wagner Kentucky Arkansas CG Camden (Camden, NJ) TBD
50%
2012 18. Gary Harris Michigan State SG Hamilton Southeastern (Fishers, IN) 2014 (Rd. 1, Pk. 19 - DEN)
50%
2020 11. Jalen Suggs Gonzaga CG Minnehaha Academy (Minneapolis, MN) 2021 (Rd. 1, Pk. 5 - ORL)
50%
2022 11. Jarace Walker Houston PF IMG Academy (New Freedom, PA) 2023 (Rd. 1, Pk. 8 - IND)
50%
2017 16. Lonnie Walker IV Miami (FL) SG Reading (Reading, PA) 2018 (Rd. 1, Pk. 18 - SAS)
50%
2022 20. Mark Mitchell Duke Missouri PF Sunrise Christian (Wichita, KS) TBD
50%
2021 10. Scoot Henderson NBA G League Ignite PG Kell (Marietta, GA) 2023 (Rd. 1, Pk. 3 - POR)
50%
2025 23. Shelton Henderson Miami (FL) SF Bellaire (Bellaire, TX) TBD
50%
2010 6. Tobias Harris Tennessee SF Half Hollow Hills West (Dix Hills, NY) 2011 (Rd. 1, Pk. 19 - MIL)
50%
2010 17. Tony Mitchell Missouri North Texas SF Pinkston (Dallas, TX) 2013 (Rd. 2, Pk. 37 - DET)
50%
2010 10. Tristan Thompson Texas PF Findlay Prep (Brampton, ON) 2011 (Rd. 1, Pk. 4 - CLE)
50%
2025 5. Caleb Wilson North Carolina PF Holy Innocents Episcopal (Atlanta, GA) TBD
48%
2016 6. De'Aaron Fox Kentucky PG Cy Lakes (Katy, TX) 2017 (Rd. 1, Pk. 5 - SAC)
48%
2022 22. Gradey Dick Kansas SF Sunrise Christian (Wichita, KS) 2023 (Rd. 1, Pk. 13 - TOR)
48%
2023 13. Jared McCain Duke CG Centennial (Sacramento, CA) 2024 (Rd. 1, Pk. 16 - PHI)
48%
2013 17. Joel Embiid Kansas C The Rock School (Yaoundé, Cameroon) 2014 (Rd. 1, Pk. 3 - PHI)
48%
2025 4. Nate Ament Tennessee PF Highland (Warrenton, VA) TBD
48%
2023 2. Ron Holland NBA G League Ignite PF Duncanville (Duncanville, TX) 2024 (Rd. 1, Pk. 5 - DET)
48%
2024 20. Boogie Fland Arkansas Florida CG Archbishop Stepinac (White Plains, NY) TBD
46%
2023 1. Isaiah Collier USC PG Wheeler (Marietta, GA) 2024 (Rd. 1, Pk. 29 - UTA)
46%
2024 15. Isaiah Evans Duke SF North Mecklenburg (Huntersville, NC) TBD
46%
2019 3. Isaiah Stewart Washington C La Lumiere School (Rochester, NY) 2020 (Rd. 1, Pk. 16 - DET)
46%
2015 11. Jamal Murray Kentucky SG Athlete Institute Basketball Academy (Toronto, ON) 2016 (Rd. 1, Pk. 7 - DEN)
46%
2016 17. Jarrett Allen Texas PF St. Stephen's Episcopal (Austin, TX) 2017 (Rd. 1, Pk. 22 - BRK)
46%
2024 22. Karter Knox Arkansas SF Overtime Elite (Riverview, FL) TBD
46%
2017 11. Kevin Knox Kentucky SF Tampa Catholic (Tampa, FL) 2018 (Rd. 1, Pk. 9 - NYK)
46%
2022 8. Keyonte George Baylor SG IMG Academy (Lewisville, TX) 2023 (Rd. 1, Pk. 16 - UTA)
46%
2023 15. Kwame Evans Jr. Oregon PF Montverde Academy (Baltimore, MD) TBD
46%
2024 18. Liam McNeeley UConn SF Montverde Academy (Montverde, FL) 2025 (Rd. 1, Pk. 29 - CHA)
46%
2017 1. Marvin Bagley Duke PF Sierra Canyon (Tempe, AZ) 2018 (Rd. 1, Pk. 2 - SAC)
46%
2015 3. Brandon Ingram Duke SF Kinston (Kinston, NC) 2016 (Rd. 1, Pk. 2 - LAL)
44%
2014 17. Devin Robinson Florida SF Christchurch School (Church View, VA) 2017 (UDFA - WAS)
44%
2021 19. Harrison Ingram Stanford North Carolina SF St. Mark's (Dallas, TX) 2024 (Rd. 2, Pk. 48 - SAS)
44%
2017 9. Mitchell Robinson Western Kentucky C Chalmette (Pensacola, FL) 2018 (Rd. 2, Pk. 36 - NYK)
44%
2023 17. Sean Stewart Duke Ohio State, Oregon PF Montverde Academy (Windermere, FL) TBD
44%
2024 16. Asa Newell Georgia PF Montverde Academy (Atlanta, GA) 2025 (Rd. 1, Pk. 23 - ATL)
42%
2022 10. Cason Wallace Kentucky CG Richardson (Richardson, TX) 2023 (Rd. 1, Pk. 10 - OKC)
42%
2025 11. Darius Acuff Jr. Arkansas PG IMG Academy (Detroit, MI) TBD
42%
2020 15. Day'Ron Sharpe North Carolina C Montverde Academy (Greenville, NC) 2021 (Rd. 1, Pk. 29 - BRK)
42%
2023 11. Elliot Cadeau North Carolina Michigan PG Link Academy (West Orange, NJ) TBD
42%
2021 5. Emoni Bates Memphis Eastern Michigan SF Ypsi Prep Academy (Ypsilanti, MI) 2023 (Rd. 2, Pk. 49 - CLE)
42%
2013 3. Jabari Parker Duke SF Simeon (Chicago, IL) 2014 (Rd. 1, Pk. 2 - MIL)
42%
2018 28. Kevin Porter Jr. USC SG Rainier Beach (Seattle, WA) 2019 (Rd. 1, Pk. 30 - CLE)
42%
2023 5. Matas Buzelis NBA G League Ignite SF Sunrise Christian (Chicago, IL) 2024 (Rd. 1, Pk. 11 - CHI)
42%
2017 2. Michael Porter Jr. Missouri SF Nathan Hale (Seattle, WA) 2018 (Rd. 1, Pk. 14 - DEN)
42%
2023 16. Rob Dillingham Kentucky PG Overtime Elite (Atlanta, GA) 2024 (Rd. 1, Pk. 8 - MIN)
42%
2021 3. Shaedon Sharpe Kentucky SG Dream City Christian (Glendale, AZ) 2022 (Rd. 1, Pk. 7 - POR)
42%
2019 10. Tyrese Maxey Kentucky CG South Garland (Garland, TX) 2020 (Rd. 1, Pk. 21 - PHI)
42%
2017 5. Wendell Carter Jr. Duke PF Pace Academy (Atlanta, GA) 2018 (Rd. 1, Pk. 7 - CHI)
42%
2020 14. Caleb Love North Carolina Arizona PG Christian Brothers College (St. Louis, MO) 2025 (UDFA - POR)
40%
2022 3. Dereck Lively II Duke C Westtown School (Bellefonte, PA) 2023 (Rd. 1, Pk. 12 - DAL)
40%
2024 11. Drake Powell North Carolina SF Northwood (Pittsboro, NC) 2025 (Rd. 1, Pk. 22 - BRK)
40%
2014 1. Jahlil Okafor Duke C Whitney Young (Chicago, IL) 2015 (Rd. 1, Pk. 3 - PHI)
40%
2013 10. James Young Kentucky SF Rochester (Flint, MI) 2014 (Rd. 1, Pk. 17 - BOS)
40%
2022 7. Kel'el Ware Oregon Indiana C North Little Rock (North Little Rock, AR) 2024 (Rd. 1, Pk. 15 - MIA)
40%
2016 3. Markelle Fultz Washington CG DeMatha Catholic (Hyattsville, MD) 2017 (Rd. 1, Pk. 1 - PHI)
40%
2010 16. Patric Young Florida C Providence (Jacksonville, FL) 2014 (UDFA - NOP)
40%
2024 29. Tahaad Pettiford Auburn PG Hudson Catholic (Jersey City, NJ) TBD
40%
2021 18. AJ Griffin Duke SF Archbishop Stepinac (White Plains, NY) 2022 (Rd. 1, Pk. 16 - ATL)
38%
2018 14. Darius Garland Vanderbilt PG Brentwood Academy (Brentwood, TN) 2019 (Rd. 1, Pk. 5 - CLE)
38%
2020 4. Jonathan Kuminga NBA G League Ignite SF The Patrick School (Goma, DR Congo) 2021 (Rd. 1, Pk. 7 - GSW)
38%
2018 18. Naz Reid LSU PF Roselle Catholic (Asbury Park, NJ) 2019 (UDFA - MIN)
38%
2017 15. PJ Washington Kentucky PF Findlay Prep (Dallas, TX) 2019 (Rd. 1, Pk. 12 - CHA)
38%
2018 7. Romeo Langford Indiana SG New Albany (New Albany, IN) 2019 (Rd. 1, Pk. 14 - BOS)
38%
2020 24. Sharife Cooper Auburn PG McEachern (Marietta, GA) 2021 (Rd. 2, Pk. 48 - ATL)
38%
2021 15. TyTy Washington Kentucky PG Compass Prep (Chandler, AZ) 2022 (Rd. 1, Pk. 29 - HOU)
38%
2022 18. Adem Bona UCLA C Prolific Prep (Lagos, Nigeria) 2024 (Rd. 2, Pk. 41 - PHI)
36%
2020 5. Brandon Boston Jr. Kentucky SG Sierra Canyon (Norcross, GA) 2021 (Rd. 2, Pk. 51 - LAC)
36%
2014 5. Cliff Alexander Kansas PF Curie Metropolitan (Chicago, IL) 2015 (UDFA - BRK)
36%
2023 9. Ja'Kobe Walter Baylor SG Link Academy (McKinney, TX) 2024 (Rd. 1, Pk. 19 - TOR)
36%
2022 19. Jordan Walsh Arkansas SF Link Academy (Cedar Hill, TX) 2023 (Rd. 2, Pk. 38 - BOS)
36%
2025 16. Kingston Flemings Houston PG Brennan (San Antonio, TX) TBD
36%
2016 11. Malik Monk Kentucky CG Bentonville (Lepanto, AR) 2017 (Rd. 1, Pk. 11 - CHA)
36%
2016 13. Miles Bridges Michigan State SF Huntington Expression Prep (Flint, MI) 2018 (Rd. 1, Pk. 12 - CHA)
36%
2020 8. Terrence Clarke Kentucky SG Brewster Academy (Boston, MA) 2021 (Rd. 1 Ceremonial Pick)
36%
2020 22. Walker Kessler North Carolina Auburn C Woodward Academy (Fairburn, GA) 2022 (Rd. 1, Pk. 22 - UTA)
36%
2024 14. Will Riley Illinois SF The Phelps School (Kitchener, ON) 2025 (Rd. 1, Pk. 21 - WAS)
36%
2013 4. Aaron Gordon Arizona SF Archbishop Mitty (San Jose, CA) 2014 (Rd. 1, Pk. 4 - ORL)
34%
2018 23. Andrew Nembhard Florida Gonzaga PG Montverde Academy (Thornhill, ON) 2022 (Rd. 2, Pk. 31 - IND)
34%
2012 6. Anthony Bennett UNLV PF Findlay Prep (Toronto, ON) 2013 (Rd. 1, Pk. 1 - CLE)
34%
2016 9. Bam Adebayo Kentucky PF High Point Christian (Newark, NJ) 2017 (Rd. 1, Pk. 14 - MIA)
34%
2018 4. Bol Bol Oregon C Findlay Prep (Khartoum, Sudan) 2019 (Rd. 2, Pk. 44 - DEN)
34%
2025 15. Braylon Mullins UConn SG Greenfield-Central (Greenfield, IN) TBD
34%
2022 13. Cam Whitmore Villanova SF Archbishop Spalding (Severn, MD) 2023 (Rd. 1, Pk. 20 - HOU)
34%
2025 6. Chris Cenac Jr. Houston C Link Academy (New Orleans, LA) TBD
34%
2017 6. Collin Sexton Alabama PG Pebblebrook (Mableton, GA) 2018 (Rd. 1, Pk. 8 - CLE)
34%
2021 16. Daimion Collins Kentucky LSU, South Florida PF Atlanta (Atlanta, TX) TBD
34%
2025 27. Darius Adams Maryland CG La Lumiere School (Manchester, NJ) TBD
34%
2024 10. Derrion Reid Alabama Oklahoma PF Prolific Prep (Grovetown, GA) TBD
34%
2021 27. Efton Reid LSU Gonzaga, Wake Forest C IMG Academy (Richmond, VA) TBD
34%
2011 12. Josiah Turner Arizona PG Met Sacramento Charter (Sacramento, CA) N/A
34%
2013 2. Julius Randle Kentucky PF Prestonwood Christian (Dallas, TX) 2014 (Rd. 1, Pk. 7 - LAL)
34%
2022 4. Kyle Filipowski Duke C Wilbraham & Monson (Wilbraham, MA) 2024 (Rd. 2, Pk. 32 - UTA)
34%
2011 3. Michael Kidd-Gilchrist Kentucky SF St. Patrick (Somerdale, NJ) 2012 (Rd. 1, Pk. 2 - CHA)
34%
2014 6. Myles Turner Texas C Trinity (Euless, TX) 2015 (Rd. 1, Pk. 11 - IND)
34%
2017 17. Nick Richards Kentucky C St. Patrick (Kingston, Jamaica) 2020 (Rd. 2, Pk. 42 - CHA)
34%
2019 25. Onyeka Okongwu USC C Chino Hills (Chino, CA) 2020 (Rd. 1, Pk. 6 - ATL)
34%
2024 28. Rob Wright Baylor PG Montverde Academy (Wilmington, DE) TBD
34%
2012 5. Steven Adams Pittsburgh C Notre Dame Preparatory (Rotorua, NZ) 2013 (Rd. 1, Pk. 12 - OKC)
34%
2019 21. Tre Mann Florida PG The Villages Charter (Gainesville, FL) 2021 (Rd. 1, Pk. 18 - OKC)
34%
2025 7. Alijah Arenas USC SG Chatsworth (Chatsworth, CA) TBD
32%
2022 16. Arterio Morris Texas Kansas PG Kimball (Dallas, TX) N/A
32%
2011 5. Bradley Beal Florida SG Chaminade (St. Louis, MO) 2012 (Rd. 1, Pk. 3 - WAS
32%
2014 16. D'Angelo Russell Ohio State SG Montverde Academy (Louisville, KY) 2015 (Rd. 1, Pk. 2 - LAL)
32%
2018 3. Nassir Little North Carolina SF Orlando Christian Prep (Orlando, FL) 2019 (Rd. 1, Pk. 25 - POR)
32%
2021 12. Peyton Watson UCLA SF Long Beach Poly (Long Beach, CA) 2022 (Rd. 1, Pk. 30 - DEN)
32%
2013 6. Aaron Harrison Kentucky SG Fort Bend Travis (Richmond, TX) 2015 (UDFA - CHA)
30%
2013 5. Andrew Harrison Kentucky PG Fort Bend Travis (Richmond, TX) 2015 (Rd. 2, Pk. 44 - PHX)
30%
2024 17. Flory Bidunga Kansas C Kokomo (Kokomo, IN) TBD
30%
2018 22. Immanuel Quickley Kentucky PG John Carroll School (Bel Air, MD) 2020 (Rd. 1, Pk. 25 - NYK)
30%
2022 26. Jaden Bradley Alabama Arizona PG IMG Academy (Rochester, NY) TBD
30%
2021 4. Jaden Hardy NBA G League Ignite CG Coronado (Henderson, NV) 2022 (Rd. 2, Pk. 37 - DAL)
30%
2022 23. Jalen Hood-Schifino Indiana CG Montverde Academy (Montverde, FL) 2023 (Rd. 1, Pk. 17 - LAL)
30%
2010 3. Jared Sullinger Ohio State PF Northland (Columbus, OH) 2012 (Rd. 1, Pk. 21 - BOS)
30%
2016 7. Jonathan Isaac Florida State SF IMG Academy (Hollywood, FL) 2017 (Rd. 1, Pk. 6 - ORL)
30%
2014 13. Justise Winslow Duke SF St. John's (Houston, TX) 2015 (Rd. 1, Pk. 10 - MIA)
30%
2021 20. Max Christie Michigan State SG Rolling Meadows (Rolling Meadows, IL) 2022 (Rd. 2, Pk. 35 - LAL)
30%
2017 4. Mohamed Bamba Texas PF Westtown School (New York, NY) 2018 (Rd. 1, Pk. 6 - ORL)
30%
2018 10. Quentin Grimes Kansas Houston CG College Park (The Woodlands, TX) 2021 (Rd. 1, Pk. 25 - NYK)
30%
2019 7. Scottie Lewis Florida SF Ranney School (The Bronx, NY) 2021 (Rd. 2, Pk. 56 - CHA)
30%
2025 10. Brayden Burries Arizona CG Eleanor Roosevelt (San Bernardino, CA) TBD
28%
2022 2. Dariq Whitehead Duke SF Montverde Academy (Newark, NJ) 2023 (Rd. 1, Pk. 22 - BRK)
28%
2015 5. Diamond Stone Maryland C Dominican (Milwaukee, WI) 2016 (Rd. 2, Pk. 40 - NOP)
28%
2017 19. Gary Trent Jr. Duke SG Prolific Prep (Apple Valley, MN) 2018 (Rd. 2, Pk. 37 - POR)
28%
2014 14. Isaiah Whitehead Seton Hall SG Abraham Lincoln (Brooklyn, NY) 2016 (Rd. 2, Pk. 42 - UTA)
28%
2019 8. Jaden McDaniels Washington PF Federal Way (Federal Way, WA) 2020 (Rd. 1, Pk. 28 - MIN)
28%
2024 7. Jalil Bethea Miami (FL) Alabama SG Archbishop Wood (Warminster, PA) TBD
28%
2021 9. Kennedy Chandler Tennessee PG Sunrise Christian (Memphis, TN) 2022 (Rd. 2, Pk. 38 - MEM)
28%
2023 8. Mackenzie Mgbako Indiana Texas A&M PF Roselle Catholic (Gladstone, NJ) TBD
28%
2019 9. Nico Mannion Arizona PG Pinnacle (Phoenix, AZ) 2020 (Rd. 2, Pk. 48 - GSW)
28%
2021 8. Patrick Baldwin Jr. UW Milwaukee SF Hamilton (Sussex, WI) 2022 (Rd. 1, Pk. 28 - GSW)
28%
2015 1. Skal Labissiere Kentucky C Lausanne Collegiate (Port-au-Prince, Haiti) 2016 (Rd. 1, Pk. 28 - PHX)
28%
2023 18. Aden Holloway Auburn Alabama PG Prolific Prep (Charlotte, NC) TBD
26%
2023 25. Andrej Stojakovic Stanford California, Illinois SF Jesuit (Carmichael, CA) TBD
26%
2011 10. Cody Zeller Indiana PF Washington (Washington, IN) 2013 (Rd. 1, Pk. 4 - CHA)
26%
2010 7. Enes Kanter Kentucky C Stoneridge Preparatory School (Ankara, Turkey) 2011 (Rd. 1, Pk. 3 - UTA)
26%
2016 2. Harry Giles Duke PF Oak Hill Academy (Winston Salem, NC) 2017 (Rd. 1, Pk. 20 - SAC)
26%
2021 21. Hunter Sallis Gonzaga Wake Forest CG Millard North (Omaha, NE) 2025 (UDFA - PHI)
26%
2014 12. Kevon Looney UCLA PF Hamilton (Milwaukee, WI) 2015 (Rd. 1, Pk. 30 - GSW)
26%
2012 10. Marcus Smart Oklahoma State PG Marcus (Flower Mound, TX) 2014 (Rd. 1, Pk. 6 - BOS)
26%
2013 14. Rondae Hollis-Jefferson Arizona SF Chester (Chester, PA) 2015 (Rd. 1, Pk. 23 - BRK)
26%
2023 4. Aaron Bradshaw Kentucky Ohio State, Memphis C Camden (Roselle, NJ) TBD
24%
2019 27. Armando Bacot North Carolina C IMG Academy (Richmond, VA) 2024 (UDFA - UTA)
24%
2019 24. Keion Brooks Kentucky Washington SF La Lumiere School (Fort Wayne, IN) 2024 (UDFA - NOP)
24%
2012 19. Kris Dunn Providence PG New London (New London, CT) 2016 (Rd. 1, Pk. 5 - MIN)
24%
2019 5. RJ Hampton New Zealand Breakers CG Little Elm (Little Elm, TX) 2020 (Rd. 1, Pk. 24 - DEN)
24%
2016 18. TJ Leaf UCLA PF Foothills Christian (El Cajon, CA) 2017 (Rd. 1, Pk. 18 - IND)
24%
2014 11. Trey Lyles Kentucky PF Arsenal Technical (Indianapolis, IN) 2015 (Rd. 1, Pk. 12 - UTA)
24%
2010 5. Brandon Knight Kentucky PG Pine Crest School (Fort Lauderdale, FL) 2011 (Rd. 1, Pk. 8 - DET)
22%
2023 19. Caleb Foster Duke CG Notre Dame (Harrisburg, NC) TBD
22%
2021 11. Caleb Houstan Michigan PF Montverde Academy (Mississauga, ON) 2022 (Rd. 2, Pk. 32 - ORL)
22%
2015 19. Caleb Swanigan Purdue C Homestead (Fort Wayne, IN) 2017 (Rd. 1, Pk. 26 - POR)
22%
2018 6. Charles Bassey Western Kentucky C Aspire Basketball Academy (Lagos, Nigeria) 2021 (Rd. 2, Pk. 53 - PHI)
22%
2014 2. Emmanuel Mudiay SMU PG Prime Prep Academy (Kinshasa, DR Congo) 2015 (Rd. 1, Pk. 7 - DEN)
22%
2021 13. JD Davison Alabama PG Calhoun (Letohatchee, AL) 2022 (Rd. 2, Pk. 53 - BOS)
22%
2020 23. Jeremy Roach Duke Baylor PG Paul VI Catholic (Washington, DC) N/A
22%
2020 12. Josh Christopher Arizona State SG Mayfair (Carson, CA) 2021 (Rd. 1, Pk. 24 - HOU)
22%
2011 11. Kentavious Caldwell-Pope Georgia SG Greenville (Greenville, GA) 2013 (Rd. 1, Pk. 8 - DET)
22%
2025 25. Malachi Moreno Kentucky C Great Crossing (Georgetown, KY) TBD
22%
2021 22. Michael Foster NBA G League Ignite PF Hillcrest Prep (Milwaukee, WI) 2022 (UDFA - PHI)
22%
2021 28. Nate Bittle Oregon C Prolific Prep (Central Point, OR) TBD
22%
2016 10. Thon Maker PRO PF Orangeville Prep (Orangeville, ON) 2016 (Rd. 1, Pk. 10 - MIL)
22%
2025 18. Trey McKenney Michigan CG St. Mary's (Flint, MI) TBD
22%
2024 27. Billy Richmond Arkansas SF Camden (Camden, NJ) TBD
20%
2024 21. Bryson Tucker Indiana Washington SF Bishop O'Connell (Arlington, VA) TBD
20%
2018 29. Jahvon Quinerly Villanova Alabama, Memphis PG Hudson Catholic (Hackensack, NJ) N/A
20%
2013 13. Jarell Martin LSU SF Madison (Tallulah, LA) 2015 (Rd. 1, Pk. 25 - MEM)
20%
2024 9. Jayden Quaintance Arizona State Kentucky C Word Of God Christian (Raleigh, NC) TBD
20%
2022 21. JJ Starling Notre Dame Syracuse CG La Lumiere School (Baldwinsville, NY) TBD
20%
2022 15. Julian Phillips Tennessee SF Link Academy (Branson, MO) 2023 (Rd. 2, Pk. 35 - CHI)
20%
2020 18. Makur Maker Howard C Hillcrest Prep (Perth, Australia) 2022 (UDFA - Sydney Kings)
20%
2012 1. Nerlens Noel Kentucky PF Tilton School (Malden, MA) 2013 (Rd. 1, Pk. 6 - NOP)
20%
2013 9. Noah Vonleh Indiana PF New Hampton School (New Hampton, NH) 2014 (Rd. 1, Pk. 9 - CHA)
20%
2024 26. Patrick Ngongba II Duke C Paul VI Catholic (Fairfax, VA) TBD
20%
2019 15. Precious Achiuwa Memphis SF Montverde Academy (Port Harcourt, Nigeria) 2020 (Rd. 1, Pk. 20 - MIA)
20%
2012 12. Sam Dekker Wisconsin SF Sheboygan Area Lutheran (Sheboygan, WI) 2015 (Rd. 1, Pk. 18 - HOU)
20%
2023 20. TJ Power Duke Virginia, Penn PF Worcester Academy (Shrewsbury, MA) TBD
20%
2017 7. Trevon Duval Duke PG IMG Academy (New Castle, DE) 2018 (UDFA - MIL)
20%
2019 6. Vernon Carey Duke C University School (Fort Lauderdale, FL) 2020 (Rd. 2, Pk. 32 - CHA)
20%
2011 2. Austin Rivers Duke PG Winter Park (Winter Park, FL) 2012 (Rd. 1, Pk. 10 - NOH)
18%
2015 7. Cheick Diallo Kansas PF Our Savior New American School (Kayes, Mali) 2016 (Rd. 2, Pk. 33 - LAC)
18%
2022 12. Chris Livingston Kentucky SF Oak Hill Academy (Akron, OH) 2023 (Rd. 2, Pk. 58 - MIL)
18%
2018 21. Devon Dotson Kansas PG Providence Day School (Charlotte, NC) 2020 (UDFA - CHI)
18%
2024 13. Donnie Freeman Syracuse PF IMG Academy (Washington, DC) TBD
18%
2017 10. Hamidou Diallo Kentucky SG Putnam Science Academy (Queens Village, NY) 2018 (Rd. 2, Pk. 45 - OKC)
18%
2012 3. Isaiah Austin Baylor PF Grace Preparatory Academy (Arlington, TX) 2014 (Rd. 1 Ceremonial Pick)
18%
2019 16. Jeremiah Robinson-Earl Villanova PF IMG Academy (Bradenton, FL) 2021 (Rd. 2, Pk. 32 - OKC)
18%
2020 9. Moussa Cisse Memphis Oklahoma State, Ole Miss, Memphis C Lausanne Collegiate (Conakry, Guinea) N/A
18%
2025 19. Nikolas Khamenia Duke SF Harvard Westlake (Studio City, CA) TBD
18%
2025 22. Shon Abaev Cincinnati SF Calvary Christian (Fort Lauderdale, FL) TBD
18%
2015 13. Derryck Thornton Duke USC, Boston College PG Findlay Prep (Woodland Hills, CA) 2020 (UDFA - Borac Cacak)
16%
2015 9. Henry Ellenson Marquette PF Rice Lake (Rice Lake, WI) 2016 (Rd. 1, Pk. 18 - DET)
16%
2020 16. Jaden Springer Tennessee CG IMG Academy (Charlotte, NC) 2021 (Rd. 1, Pk. 28 - PHI)
16%
2024 25. Joson Sanon Arizona State St. John's SG Vermont Academy (Brockton, MA) TBD
16%
2012 4. Kyle Anderson UCLA SF St. Anthony (Jersey City, NJ) 2014 (Rd. 1, Pk. 30 - SAS)
16%
2016 12. Marques Bolden Duke C DeSoto (DeSoto, TX) 2019 (UDFA - CLE)
16%
2021 25. Matthew Cleveland Florida State Miami (FL) SF Pace Academy (Alpharetta, GA) TBD
16%
2021 17. Moussa Diabate Michigan PF IMG Academy (Paris, France) 2022 (Rd. 2, Pk. 43 - LAC
16%
2019 14. N'Faly Dante Oregon C Sunrise Christian (Bamako, Mali) 2024 (UDFA - HOU)
16%
2023 12. Omaha Biliew Iowa State Wake Forest PF Waukee (Denison, IA) TBD
16%
2025 14. Tounde Yessoufou Baylor SF St. Joseph (Santa Maria, CA) TBD
16%
2024 23. Aiden Sherrell Alabama C Prolific Prep (Detroit, MI) TBD
14%
2013 15. Bobby Portis Arkansas PF Hall (Little Rock, AR) 2015 (Rd. 1, Pk. 22 - CHI)
14%
2020 20. Isaiah Todd NBA G League Ignite PF Word Of God Christian (Richmond, VA) 2021 (Rd. 2, Pk. 31 - WAS)
14%
2025 13. Isiah Harwell Houston SG Wasatch Academy (Pocatello, ID) TBD
14%
2023 24. Jackson Shelstad Oregon PG West Linn (West Linn, OR) TBD
14%
2025 17. Jalen Haralson Notre Dame SF La Lumiere School (Anderson, IN) TBD
14%
2011 6. James Michael McAdoo North Carolina PF Norfolk Christian (Norfolk, VA) 2014 (UDFA - GSW)
14%
2017 12. Jarred Vanderbilt Kentucky SF Victory Prep (Bellaire, TX) 2018 (Rd. 2, Pk. 41 - DEN)
14%
2018 20. Louis King Oregon SF Hudson Catholic (Columbus, NJ) 2019 (UDFA - DET)
14%
2011 7. Marquis Teague Kentucky PG Pike (Indianapolis, IN) 2012 (Rd. 1, Pk. 29 - CHI)
14%
2025 26. Matt Able NC State SG Sagemont Prep (Fort Lauderdale, FL) TBD
14%
2021 23. Trevor Keels Duke SG Paul VI Catholic (Clinton, MD) 2022 (Rd. 2, Pk. 42 - NYK)
14%
2022 24. Yohan Traore Auburn UC Santa Barbara, SMU, Butler C Dream City Christian (Glendale, AZ) TBD
14%
2018 12. Ashton Hagans Kentucky PG Newton (Covington, GA) 2020 (UDFA - MIN)
12%
2018 17. Darius Bazley PRO SF Princeton (Cincinnati, OH) 2019 (Rd. 1, Pk. 23 - OKC)
12%
2015 12. Isaiah Briscoe Kentucky PG Roselle Catholic (Newark, NJ) 2017 (UDFA - PHI)
12%
2014 7. Kelly Oubre Jr. Kansas SG Findlay Prep (Sugar Land, TX) 2015 (Rd. 1, Pk. 15 - WAS)
12%
2012 2. Shabazz Muhammad UCLA SG Bishop Gorman (Las Vegas, NV) 2013 (Rd. 1, Pk. 14 - MIN)
12%
2016 16. Terrance Ferguson Adelaide 36ers SG Advanced Preparatory International (Dallas, TX) 2017 (Rd. 1, Pk. 21 - OKC)
12%
2015 14. Chase Jeter Duke Arizona PF Bishop Gorman (Las Vegas, NV) 2020 (UDFA - Raiffeisen Flyers)
10%
2010 13 Cory Joseph Texas PG Findlay Prep (Toronto, ON) 2011 (Rd. 1, Pk. 29 - SAS)
10%
2020 26. DJ Steward Duke CG Whitney Young (Chicago, IL) 2021 (UDFA - SAC)
10%
2025 24. Dwayne Aristode Arizona SF Brewster Academy (Wolfeboro, NH) TBD
10%
2015 16. Dwayne Bacon Florida State SG Oak Hill Academy (Lakeland, FL) 2017 (Rd. 2, Pk. 40 - NOP)
10%
2018 9. EJ Montgomery Kentucky PF Wheeler (Fort Pierce, FL) 2020 (UDFA - MIL)
10%
2015 6. Ivan Rabb California PF Bishop O'Dowd (Oakland, CA) 2017 (Rd. 2, Pk. 35 - ORL)
10%
2013 8. Kasey Hill Florida PG Montverde Academy (Umatilla, FL) 2017 (UDFA - Alba Fehervar)
10%
2019 12. Matthew Hurt Duke PF John Marshall (Rochester, MN) 2021 (UDFA - HOU)
10%
2014 10. Rashad Vaughn UNLV SG Findlay Prep (Minneapolis, MN) 2015 (Rd. 1, Pk. 17 - MIL)
10%
2018 11. Simisola Shittu Vanderbilt PF Vermont Academy (Burlington, ON) 2019 (UDFA - MEM)
10%
2021 26. Brandon Huntley-Hatfield Tennessee Louisville, NC State PF Scotland Campus (Clarksville, TN) TBD
8%
2017 14. Brandon McCoy UNLV PF Cathedral Catholic (San Diego, CA) 2018 (UDFA - MIL)
8%
2017 18. Brian Bowen Louisville SF La Lumiere School (Saginaw, MI) 2019 (UDFA - IND)
8%
2015 8. Malik Newman Mississippi State Kansas PG Callaway (Jackson, MS) 2018 (UDFA - LAL)
8%
2014 15. Theo Pinson North Carolina SF Wesleyan Christian (Greensboro, NC) 2018 (UDFA - BRK)
8%
2023 23. Trentyn Flowers Louisville SF Combine Academy (Charlotte, NC) 2024 (UDFA - LAC)
8%
2022 25. Vincent Iwuchukwu USC St. John's, Georgetown C SoCal Academy (Castaic, CA) TBD
8%
2012 8. Alex Poythress Kentucky SF Northeast (Clarksville, TN) 2016 (UDFA - ORL)
6%
2020 17. Daishen Nix NBA G League Ignite PG Trinity International (Las Vegas, NV) 2021 (UDFA - PHI)
6%
2010 14. Fab Melo Syracuse C Sagemont Prep (Juiz de Fora, Brazil) 2012 (Rd. 1, Pk. 22 - BOS)
6%
2019 11. Kahlil Whitney Kentucky SF Roselle Catholic (Chicago, IL) 2020 (UDFA - CHA)
6%
2020 27. Khristian Lander Indiana Western Kentucky PG Francis Joseph Reitz (Evansville, IN) N/A
6%
2010 15. Reggie Bullock North Carolina SG Kinston (Kinston, NC) 2013 (Rd. 1, Pk. 25 - LAC)
6%
2015 10. Stephen Zimmerman UNLV C Bishop Gorman (Hendersonville, TN) 2016 (Rd. 2, Pk. 41 - ORL)
6%
2016 14. Wenyen Gabriel Kentucky PF Wilbraham & Monson (Wilbraham, MA) 2018 (UDFA - SAC)
6%
2010 12. Will Barton Memphis SG Brewster Academy (Baltimore, MD) 2012 (Rd. 2, Pk. 40 - POR)
6%
2015 15. Allonzo Trier Arizona SG Montrose Christian (Seattle, WA) 2018 (UDFA - NYK)
4%
2021 24. Aminu Mohammed Georgetown SG Greenwood Laboratory (Lagos, Nigeria) 2022 (UDFA - PHI)
4%
2012 14. Archie Goodwin Kentucky SG Sylvan Hills (Sherwood, AR) 2013 (Rd. 1, Pk. 29 - OKC)
4%
2017 20. Billy Preston Kansas PF Oak Hill Academy (Redondo Beach, CA) 2018 (UDFA - KK Igokea)
4%
2013 16. Isaiah Hicks North Carolina PF JF Webb (Oxford, NC) 2017 (UDFA - CHA)
4%
2010 4. Josh Selby Kansas PG Heritage (Baltimore, MD) 2011 (Rd. 2, Pk. 49 - MEM)
4%
2011 14. Khem Birch Pittsburgh UNLV PF Notre Dame Academy (Montreal, QC) 2014 (UDFA - WAS)
4%
2011 8. LeBryan Nash Oklahoma State SF Lincoln (Dallas, TX) 2015 (UDFA - Fukushima Firebonds)
4%
2012 13. Rasheed Sulaimon Duke Maryland SG Strake Jesuit (Houston, TX) 2016 (UDFA - CHI)
4%
2019 18. Trendon Watford LSU PF Mountain Brook (Birmingham, AL) 2021 (UDFA - POR)
4%
2015 17. Antonio Blakeney LSU SG Oak Ridge (Sarasota, FL) 2017 (UDFA - CHI)
2%
2011 16. Branden Dawson Michigan State SF Lew Wallace (Gary, IN) 2015 (Rd. 2, Pk. 56 - NOP)
2%
2019 17. Bryan Antoine Villanova Radford SG Ranney School (Nyack, NY) 2024 (UDFA - KK Pelister)
2%
2012 17. Cameron Ridley Texas C Fort Bend Rush (Richmond, TX) 2016 (UDFA - CHI)
2%
2010 11. CJ Leslie NC State PF Word Of God Christian (Holly Springs, NC) 2013 (UDFA - NYK)
2%
2018 24. Jaylen Hoard Wake Forest SF Wesleyan Christian (Carnon, France) 2019 (UDFA - POR)
2%
2012 7. Kaleb Tarczewski Arizona C St. Mark's School (Claremont, NH) 2016 (UDFA - DET)
2%
2011 15. PJ Hairston North Carolina SG Hargrave Military Academy (Chatham, VA) 2014 (Rd. 1, Pk. 26 - CHA)
2%
2012 11. Ricky Ledo Providence SG Notre Dame Preparatory (Providence, RI) 2013 (Rd. 2, Pk. 43 - MIL)
2%
2012 15. Rodney Purvis NC State UConn SG Upper Room Christian (Raleigh, NC) 2017 (UDFA - UTA)
2%
2012 16. Brandon Ashley Arizona PF Findlay Prep (San Francisco, CA) 2015 (UDFA - ATL)
0%
2012 9. Grant Jerrett Arizona PF Lutheran (La Verne, CA) 2013 (Rd. 2, Pk. 40 - POR)
0%
2011 13. Myck Kabongo Texas PG Findlay Prep (Henderson, NV) 2013 (UDFA - MIA)
0%
2013 12. Wayne Selden Jr. Kansas SG Tilton School (Tilton, NH) 2016 (UDFA - MEM)
0%
No matching quizzes found
Score Distribution
Percent of People with Each Score
Percentile by Number Answered
Your Score History
You have not taken this quiz